Il giardino segreto /

Mary Lennox ha dieci anni: è viziata, bruttina e dispotica. I genitori non si sono mai occupati di lei, così, dopo la loro morte e un'infanzia difficile trascorsa in India, Mary approda in Inghilterra per essere affidata alle cure dello zio Archibald, un vedovo scontroso che vive in un castello isol...

Descripció completa

Guardat en:
Dades bibliogràfiques
Autor principal: Burnett, Frances Hodgson
Altres autors: Carlotti, Giancarlo
Format: Llibre
Idioma:italià
Publicat: Milano : Feltrinelli, 2020
Col·lecció:Universale economica
Etiquetes: Afegir etiqueta
Sense etiquetes, Sigues el primer a etiquetar aquest registre!

MARC

LEADER 00000nam a22000007i 4500
001 IT\ICCU\UBO\4484418
003 ItRI
005 20250515123814.0
008 201026s2020 it |||||| ||||| |||||c
020 |a 9788807893704 
040 |b ita  |c Arcigay Queer VdA 
041 7 |a ita  |2 ISO-639-2 
082 |a 823.8  |2 23 
100 1 |a Burnett, Frances Hodgson  |0 IT\ICCU\CFIV\052008 
240 1 4 |a The secret garden  |9 Burnett, Frances Hodgson 
245 1 3 |a Il giardino segreto /  |c Frances Hodgson Burnett ; traduzione e approfondimenti a cura di Giancarlo Carlotti ; in appendice: Il mio pettirosso. 
260 |a Milano :  |b Feltrinelli,  |c 2020 
300 |a 268 p. ;  |c 20 cm 
520 |a Mary Lennox ha dieci anni: è viziata, bruttina e dispotica. I genitori non si sono mai occupati di lei, così, dopo la loro morte e un'infanzia difficile trascorsa in India, Mary approda in Inghilterra per essere affidata alle cure dello zio Archibald, un vedovo scontroso che vive in un castello isolato. Qui, in compagnia di Colin - il giovane e viziato cugino che si crede malato - e di Dickon - un ragazzo semplice e d'animo gentile capace di incantare gli animali con il suo flauto - inizia a ritrovare il piacere del gioco e dell'amicizia, e a riscoprire gli effetti benefici della natura... La casa dello zio Archibald è molto spaziosa, ma Mary ha il divieto di entrare in alcune stanze, e c'è anche un giardino proibito chiuso a chiave, quello della defunta moglie dello zio. L'affetto profondo per i suoi nuovi amici e la voglia di trasformare la realtà circostante insegneranno a Mary che i poteri magici sono alla portata di tutti e possono fare veri miracoli. Introduzione di Beatrice Masini. Età di lettura: da 9 anni. 
700 1 |a Carlotti, Giancarlo  |0 IT\ICCU\RAVV\068826 
830 0 |a Universale economica  |0 IT\ICCU\CFI\0001103 
942 |2 ddc  |c BK 
952 |0 0  |1 0  |2 ddc  |4 0  |6 823_800000000000000_HOD_GIA  |7 0  |9 4269  |a AO  |b AO  |d 2025-05-15  |l 0  |o 823.8 HOD GIA  |p 11437  |r 2025-05-15 12:39:33  |w 2025-05-15  |x PROPRIETA DI SCORZONI GRETA  |y BK 
981 1 |6 z01  |a i   |b xxxe  
982 1 |6 z01  |a n 
999 |c 3277  |d 3277